<?xml version="1.0" encoding="UTF-8"?>
<record
    xmlns:xsi="http://www.w3.org/2001/XMLSchema-instance"
    xsi:schemaLocation="http://www.loc.gov/MARC21/slim http://www.loc.gov/standards/marcxml/schema/MARC21slim.xsd"
    xmlns="http://www.loc.gov/MARC21/slim">

  <leader>01348nam a22002777a 4500</leader>
  <controlfield tag="001">7141</controlfield>
  <controlfield tag="003">FISKH</controlfield>
  <controlfield tag="005">20250626090010.0</controlfield>
  <controlfield tag="008">250625b        cb ||||| |||| 00| 0 eng d</controlfield>
  <datafield tag="020" ind1=" " ind2=" ">
    <subfield code="a">9788956355221</subfield>
  </datafield>
  <datafield tag="040" ind1=" " ind2=" ">
    <subfield code="a">FISKH</subfield>
    <subfield code="b">eng</subfield>
    <subfield code="c">FISKH</subfield>
    <subfield code="d">FISKh</subfield>
  </datafield>
  <datafield tag="050" ind1=" " ind2=" ">
    <subfield code="a">PZ7</subfield>
  </datafield>
  <datafield tag="082" ind1=" " ind2=" ">
    <subfield code="a">800</subfield>
  </datafield>
  <datafield tag="100" ind1=" " ind2=" ">
    <subfield code="a">Sormark, Julie</subfield>
  </datafield>
  <datafield tag="245" ind1=" " ind2=" ">
    <subfield code="a">King thrushbeard / </subfield>
    <subfield code="c">Retold by Julie Sormark : through the art style of Marie Laurencin</subfield>
  </datafield>
  <datafield tag="260" ind1=" " ind2=" ">
    <subfield code="a">Seoul : </subfield>
    <subfield code="b">e-future , </subfield>
    <subfield code="c">2010.</subfield>
  </datafield>
  <datafield tag="300" ind1=" " ind2=" ">
    <subfield code="a">35 pages : </subfield>
    <subfield code="b">color illustrations ;</subfield>
    <subfield code="c">23 cm. </subfield>
  </datafield>
  <datafield tag="490" ind1=" " ind2=" ">
    <subfield code="a">Art classic stories </subfield>
  </datafield>
  <datafield tag="505" ind1=" " ind2=" ">
    <subfield code="a">J 
</subfield>
  </datafield>
  <datafield tag="520" ind1=" " ind2=" ">
    <subfield code="a">"King Thrushbeard" is a German fairy tale by the Brothers Grimm about a proud and arrogant princess who mocks all her suitors, including a king with a pointed chin whom she nicknames "King Thrushbeard". Her father, angered by her behavior, vows to marry her to the first beggar who comes to the palace gates. The princess is then forced to marry a traveling musician who is, in reality, King Thrushbeard in disguise. She experiences hardship and humility as a kitchen maid, eventually learning to value hard work and kindness before being revealed as King Thrushbeard's true wife. </subfield>
  </datafield>
  <datafield tag="521" ind1="8" ind2=" ">
    <subfield code="a">500 
</subfield>
    <subfield code="b">Lexile estimate 
</subfield>
  </datafield>
  <datafield tag="521" ind1="8" ind2=" ">
    <subfield code="a">J 
</subfield>
    <subfield code="b">RAz-Plus 
</subfield>
  </datafield>
  <datafield tag="700" ind1=" " ind2=" ">
    <subfield code="a">Cho, Hyeonji </subfield>
    <subfield code="e">Illustrator </subfield>
  </datafield>
  <datafield tag="942" ind1=" " ind2=" ">
    <subfield code="2">ddc</subfield>
    <subfield code="c">BK</subfield>
    <subfield code="n">0</subfield>
  </datafield>
  <datafield tag="999" ind1=" " ind2=" ">
    <subfield code="c">7141</subfield>
    <subfield code="d">7141</subfield>
  </datafield>
  <datafield tag="952" ind1=" " ind2=" ">
    <subfield code="0">0</subfield>
    <subfield code="1">0</subfield>
    <subfield code="2">ddc</subfield>
    <subfield code="4">0</subfield>
    <subfield code="7">0</subfield>
    <subfield code="8">JUVF</subfield>
    <subfield code="a">002</subfield>
    <subfield code="b">002</subfield>
    <subfield code="c">TTP Dark Blue</subfield>
    <subfield code="d">2025-06-25</subfield>
    <subfield code="l">0</subfield>
    <subfield code="o">SOR PZ7 800</subfield>
    <subfield code="p">FISBK07162</subfield>
    <subfield code="r">2025-06-25 16:40:43</subfield>
    <subfield code="w">2025-06-25</subfield>
    <subfield code="y">BK</subfield>
  </datafield>
</record>
